Ultimate Yankees Quiz - Statistics

General Stats
  • This quiz has been taken 197 times
  • The average score is 8 of 10
Answer Stats
Question Answer % Correct
When was the yankees last world series win? 2009
100%
Who was nicknamed Mr. October? Reggie Jackson
100%
How many world series did the yankees win? 27
96%
Which yankee player has the most career hits? Derek Jeter
89%
Whose nickname was the Iron Horse? Lou Gehrig
89%
Which pitcher is known as the pickoff king? Andy Pettitte
82%
Which player holds the record for most records? Babe Ruth
82%
Whose Nickname was the Hitman? Don Mattingly
68%
How many alcs have the yankees won? 40
64%
Who hit the farthest homerun in yankee history? Mickey Mantle
64%
No matching quizzes found
Score Distribution
Percent of People with Each Score
Percentile by Number Answered
Your Score History
You have not taken this quiz